LEADER 02651nam 2200661 a 450 001 9910451223003321 005 20200520144314.0 010 $a1-4175-6662-0 010 $a1-280-96189-9 010 $a9786610961894 010 $a2-7598-0113-6 035 $a(CKB)1000000000335259 035 $a(EBL)309845 035 $a(OCoLC)173240704 035 $a(SSID)ssj0001074163 035 $a(PQKBManifestationID)11959766 035 $a(PQKBTitleCode)TC0001074163 035 $a(PQKBWorkID)11186527 035 $a(PQKB)10396188 035 $a(MiAaPQ)EBC309845 035 $a(WaSeSS)IndRDA00075984 035 $a(PPN)170232255 035 $a(Au-PeEL)EBL309845 035 $a(CaPaEBR)ebr10526111 035 $a(CaONFJC)MIL96189 035 $a(OCoLC)922991277 035 $a(EXLCZ)991000000000335259 100 $a20120217d2002 uy 0 101 0 $aeng 135 $aur|n|---||||| 181 $ctxt 182 $cc 183 $acr 200 10$aAnalyse statistique des donne?es expe?rimentales$b[electronic resource] /$fKonstantin Protassov 210 $aFrance $cEDP Sciences$d[2002] 215 $a1 online resource (150 p.) 225 1 $aCollection Grenoble sciences 300 $aDescription based upon print version of record. 311 $a2-86883-456-6 311 $a2-86883-590-2 320 $aIncludes bibliographical references and index. 327 $aPréface; Pourquoi les incertitudes existent-elles ?; Chapitre 1. Rappels sur la théorie des probabilités; Chapitre 2. Fonctions d'une variable aléatoire; Chapitre 3. Expériences avec un nombre limité de mesures; Chapitre 4. Ajustement des paramètres; Conclusion; Bibliographie; Index; Table des matières; 330 $aThis work presents the causes of uncertainty and the best known distribution theories: Gaussian and binomial probability distribution, functions with random variance, error propagation and sample variance.- Poisson distribution, exponential standard deviation, mean deviation, chi-square and Student's T distribution, parameter estimates, least squares methods and maximum likelihood. 410 0$aCollection Grenoble sciences. 606 $aScience$xStatistical methods 606 $aMathematical statistics 608 $aElectronic books. 615 0$aScience$xStatistical methods. 615 0$aMathematical statistics. 676 $a519.5 700 $aProtassov$b Konstantin$0922202 801 0$bMiAaPQ 801 1$bMiAaPQ 801 2$bMiAaPQ 906 $aBOOK 912 $a9910451223003321 996 $aAnalyse statistique des donne?es expe?rimentales$92069347 997 $aUNINA LEADER 01881nas 2200577-a 450 001 9910136310903321 005 20240413023912.0 035 $a(CKB)110978984447545 035 $a(CONSER)--2002202526 035 $a(EXLCZ)99110978984447545 100 $a19981112a199u9999 --- - 101 0 $aeng 181 $ctxt$2rdacontent 182 $cc$2rdamedia 183 $acr$2rdacarrier 200 00$aJane's missiles & rockets 210 $aAlexandria, Va. $cJane's Information Group 215 $a1 online resource 300 $a"Incorporating precision guided munitions." 311 08$aPrint version: Jane's missiles & rockets. 1365-4187 (DLC) 2002202526 (OCoLC)40296405 517 3 $aJane's missiles and rockets 531 $aJANES MISSILES AND ROCKETS 531 $aJANE S MISSILES AND ROCKETS 606 $aBallistic missiles$vPeriodicals 606 $aGuided missiles$vPeriodicals 606 $aRockets (Ordnance)$vPeriodicals 606 $aRockets (Aeronautics)$vPeriodicals 606 $aBallistic missiles$2fast$3(OCoLC)fst00826097 606 $aGuided missiles$2fast$3(OCoLC)fst00949004 606 $aRockets (Aeronautics)$2fast$3(OCoLC)fst01099341 606 $aRockets (Ordnance)$2fast$3(OCoLC)fst01099391 608 $aPeriodicals.$2fast 610 $aMissiles 610 $aRockets 610 $aPeriodicals 610 $aOverseas item 615 0$aBallistic missiles 615 0$aGuided missiles 615 0$aRockets (Ordnance) 615 0$aRockets (Aeronautics) 615 7$aBallistic missiles. 615 7$aGuided missiles. 615 7$aRockets (Aeronautics) 615 7$aRockets (Ordnance) 676 $a623.4519 712 02$aJane's Information Group. 906 $aJOURNAL 912 $a9910136310903321 920 $aexl_impl conversion 996 $aJane's missiles & rockets$92581908 997 $aUNINA